000 00699nam a2200181 i 4500
001 119028
003 ES-MaACL
005 20230906191226.0
008 070214s1976 sp |||| | spa d
100 1 _aPérez Estévez, Rosa María.
_990853
245 1 3 _aEl problema de los vagos en la España del Siglo XVIII /
_cpor Rosa María Pérez Estévez ; prólogo Luis Miguel Enciso Recio.
260 _aMadrid :
_bConfederación Española de Cajas de Ahorros,
_c1976.
300 _a378 p. ;
_c25 cm.
650 4 _aVagabundos-
_zEspaña-
_vHistoria.
_9170846
700 1 _aEnciso Recio, Luis Miguel.
_947191
710 2 _aConfederación Española de Cajas de Ahorros.
_93148
852 _aES-MaACL
_jA-5602
999 _c119028
_d119028